| 000 | 00383 a2200109 4500 | ||
|---|---|---|---|
| 001 | ART_8535 | ||
| 005 | 20260410161844.0 | ||
| 008 | 260409a | ||
| 245 | 1 | 0 | _aEl efecto de un arancel externo común en la balanza de pagos y en el tipo de cambio |
| 100 | 1 | _aEdwards, Sebastián | |
| 773 | 0 |
_tEl trimestre económico _g- Vol. XLIV, Nº 175 (jul./set. 1977) _wREV6933 |
|
| 999 |
_c24367 _d24367 |
||